| 000 -ლიდერი |
| ფიქსირებული სიგრძის საკონტროლო ველი |
01254nam a2200253Ia 4500 |
| 001 - საკონტროლო ნომერი |
| საკონტროლო ველი |
6593 |
| 003 - საკონტროლო ნომრის იდენტიფიკატორი |
| საკონტროლო ველი |
GE_BSU |
| 005 - ბოლო ოპერაციის თარიღი და დრო |
| საკონტროლო ველი |
20191202113436.0 |
| 008 - ფიქსირებული სიგრძის მონაცემთა ელემენტები - ზოგადი ინფორმაცია |
| ფიქსირებული სიგრძის საკონტროლო ველი |
181216s2012||||ge |||||||||||||| ||geo|| |
| 020 ## - წიგნის საერთაშორისო სტანდარტული ნომერი |
| International Standard Book Number |
9789941201486 |
| 040 ## - კატალოგიზაციის წყარო |
| Transcribing agency |
GE_BSU |
| 041 ## - ენის კოდი |
| Language code of text/sound track or separate title |
geo |
| 080 ## - უნივერსალური ათობითი კლასიფიკაციის ინდექსი |
| Universal Decimal Classification number |
622.24(075.8) ვ-21 |
| 100 ## - მთავარი ჩანაწერი - პიროვნების სახელი |
| Personal name |
ვარშალომიძე, გურამ |
| 9 (RLIN) |
5645 |
| 245 ## - ცნობა სათაურის შესახებ |
| Title |
საბურღი და ცემენტის ხსნარების დამუშავების ტექნოლოგიები : |
| Remainder of title |
სახელმძღვ. / |
| Statement of responsibility, etc |
გ. ვარშალომიძე; სამეცნ. რედ. გიორგი ბერაია; რედ. ა.ჩიქოვანი. |
| 264 ## - წარმოების, გამოცემის, დისტრიბუციის და სხვა ცნობები |
| გამოცემის, წარმოების, დისტრიბუციის... ადგილი |
თბილისი : |
| გამოცემის, წარმოების, დისტრიბუციის... სახელწოდება |
ტექნიკური უნივერსიტეტი, |
| გამოცემის, წარმოების, დისტრიბუციის... თარიღი |
2012. |
| 300 ## - ფიზიკური აღწერა |
| Extent |
367გვ. ; |
| Other physical details |
23 სმ. |
| 504 ## - BIBLIOGRAPHY, ETC. NOTE |
| Bibliography, etc |
ბიბლიოგრ.: გვ. 358-359. |
| 653 ## - INDEX TERM--UNCONTROLLED |
| Uncontrolled term |
საბურღი ხსნარები |
| 653 ## - INDEX TERM--UNCONTROLLED |
| Uncontrolled term |
ცემენტის ხსნარები |
| 700 ## - ADDED ENTRY--PERSONAL NAME |
| Personal name |
ბერაია, გიორგი |
| Relator term |
რედაქტორი |
| 9 (RLIN) |
5646 |
| 700 ## - ADDED ENTRY--PERSONAL NAME |
| Personal name |
ჩიქოვანი, ა. |
| Relator term |
რედაქტორი |
| 9 (RLIN) |
5647 |
| 942 ## - ADDED ENTRY ELEMENTS (KOHA) |
| Koha item type |
წიგნი |
| Source of classification or shelving scheme |
|